00968cam a22002775a 45000010009000000050017000090080041000260200025000670400028000920820020001201000027001402450082001672500012002492600043002613000035003045000027003395000024003665040041003906500034004316510010004656530025004757000023005009420008005239990017005319520142005481738476920201128023633.0120713t2013 njua frbd 001 0 eng d a9781118358535 (pbk.) aDLCcDLCbengdEG-ScBUE04a658.11222bKAP1 aKaplan, Jack M.93934610aPatterns of entrepreneurship management /cJack M. Kaplan, Anthony C. Warren. a4th ed. aHoboken :bJohn Wiley & Sons,cc.2013. axxii, 377 p. :bill. ;c26 cm. aGlossary : p. 361-366. aIndex : p. 367-377. aIncludes bibliographical references. 7aEntrepreneurship.2BUEsh9240 2BUEsh bBUSADMcFebruary20161 aWarren, Anthony C. 2ddc c21149d21121 00102ddc40708AcademicaMAINbMAINc1STd2016-02-15ePurchaseg345.00h4874l0o658.11 KAPp000031549r2025-07-15 00:00:00v431.25yBB